UBT Library

The wealth of the nation : (Record no. 40462)

000 -LEADER
fixed length control field 00628pam a2200229 a 4500
001 - CONTROL NUMBER
control field 4788377
005 - DATE AND TIME OF LATEST TRANSACTION
control field 20180118051726.0
008 - FIXED-LENGTH DATA ELEMENTS--GENERAL INFORMATION
fixed length control field 870616s1988 nyu 001 0 eng
010 ## - LIBRARY OF CONGRESS CONTROL NUMBER
LC control number 87045602
020 ## - INTERNATIONAL STANDARD BOOK NUMBER
International Standard Book Number 0060158549 :
Terms of availability $18.95
020 ## - INTERNATIONAL STANDARD BOOK NUMBER
International Standard Book Number 0060914556 (pbk.) :
Terms of availability $9.95
040 ## - CATALOGING SOURCE
Original cataloging agency DLC
Transcribing agency DLC
Modifying agency DLC
041 ## - LANGUAGE CODE
Language code of text/sound track or separate title eng
043 ## - GEOGRAPHIC AREA CODE
Geographic area code n-us---
080 ## - UNIVERSAL DECIMAL CLASSIFICATION NUMBER
Universal Decimal Classification number 330.973 WEE
082 00 - DEWEY DECIMAL CLASSIFICATION NUMBER
Classification number 330.973 WEE
Edition number 19
100 1# - Rafti
Rafti 52
101 ## - Shkurtesa
Shkurtesa ECO
245 14 - TITLE STATEMENT
Title The wealth of the nation :
Statement of responsibility, etc Stuart Bruchey.
906 ## - LOCAL DATA ELEMENT F, LDF (RLIN)
a 7
b cbc
c orignew
d 1
e ocip
f 19
g y-gencatlg
942 ## - ADDED ENTRY ELEMENTS (KOHA)
Source of classification or shelving scheme
Item type Books
Holdings
Withdrawn status Lost status Source of classification or shelving scheme Damaged status Not for loan Collection code Permanent location Current location Shelving location Date acquired Total Checkouts Full call number Barcode Date last seen Price effective from Koha item type
          Koleksioni i përgjithshem UBT - Lipjan UBT - Lipjan Koleksioni i përgjithshem 01/18/2018   330.973 WEE 002-2995719 01/18/2018 01/18/2018 Books
UBT Library © 2015-2024. All rights reserved University Education for Business and Technology